| 000 | 00360nam a2200133Ia 4500 | ||
|---|---|---|---|
| 999 |
_c6657 _d6657 |
||
| 003 | OSt | ||
| 008 | 191201s2010 xx 000 0 und d | ||
| 100 | _aNSE INDIA | ||
| 245 | 0 | _aHandbook for NSDL Depository Operation Module Part -I -Capital Markets and NSDL Overview | |
| 260 |
_aN. delhi _bNSE (NCFM) _c2010 |
||
| 300 | _a36 | ||
| 650 | _aNCFM | ||
| 942 |
_2ddc _cBK |
||